000 00718cab a2200241 4500
001 WB3219-30
008 090401t1996 xxu||||| |||| 00| 0 eng d
035 _a(Sirsi) u1724
041 _aeng
245 _aLucas Pension restructures portfolio
260 _c1996
350 _a0
490 _aFinancial Times
_v13 May 1996, 22(1)
520 _aLucas Pension Scheme has restructured its portfolio, eliminating its property investments.
650 _aPROPERTY-COMMERCIAL PROPERTY
650 _aINSTITUTIONAL INVESTMENT
650 _aLUCAS PENSION SCHEME
650 _aPENSION FUNDS
650 _aPROPERTY INVESTMENT
690 _aPROPERTY-PROPERTY FINANCE AND INVESTMENT
942 _n0
948 _c04/03/1997
999 _c987
_d987